Normal view
MARC view
Entry Topical Term
001 - CONTROL NUMBER
- control field: 59179
003 - CONTROL NUMBER IDENTIFIER
- control field:
005 - DATE AND TIME OF LATEST TRANSACTION
- control field: 20240923145736.0
008 - FIXED-LENGTH DATA ELEMENTS
- fixed length control field: 240923|| aca||aabn | a|a d
040 ## - CATALOGING SOURCE
- Original cataloging agency:
- Transcribing agency:
150 ## - HEADING--TOPICAL TERM
- Topical term or geographic name entry element: Ogotai dynasty (China)
670 ## - SOURCE DATA FOUND
- Source citation: Work cat.: ()22657: BOYLE, John Andrew aut 44256, The Mongol world empire 1206 to 1370 /, 1977
